Service charges and management (Record no. 110370)

MARC details
000 -LEADER
fixed length control field 02165cam a22002895a 4500
001 - CONTROL NUMBER
control field E149093
008 - FIXED-LENGTH DATA ELEMENTS--GENERAL INFORMATION
fixed length control field 100111s2009 xxk 000 0 eng u
020 ## - INTERNATIONAL STANDARD BOOK NUMBER
International Standard Book Number 9781847037558
035 ## - SYSTEM CONTROL NUMBER
System control number (Sirsi) u149093
041 0# - LANGUAGE CODE
Language code of text/sound track or separate title eng
050 04 - LIBRARY OF CONGRESS CALL NUMBER
Classification number 346.4104342 $2 18
110 2# - MAIN ENTRY--CORPORATE NAME
Corporate name or jurisdiction name as entry element Tanfield Chambers
9 (RLIN) 4850
245 00 - TITLE STATEMENT
Title Service charges and management
Remainder of title law and practice
260 ## - PUBLICATION, DISTRIBUTION, ETC.
Place of publication, distribution, etc. London
Name of publisher, distributor, etc. Thomson Reuters
Date of publication, distribution, etc. 2009
300 ## - PHYSICAL DESCRIPTION
Extent l, 1073p.
Dimensions 24cm.
350 ## - PRICE (NR) (BK AM CF MU VM SE) [OBSOLETE]
Price 130
505 2# - FORMATTED CONTENTS NOTE
Formatted contents note Construction of service charge provisions - - Particular forms of covenant relevant to service charges -- Repairs -- Statutory control of service charges --Insurance -- Managing agents - Legal costs -- Finance costs and interest -- Miscellaneous items --Rights to information -- The reasonableness of service charges -- Related charges -- Consultation requirements --The machinery of service charges - demands, certification and accounts -- Handling service charge funds -- Reserve funds, sinking funds and depreciation allowances -- Service charges and right to buy leases -- Landlords' remedies -- Tenants' remedies -- Commonhold finances -- The variation of terms in residential leases -- The leasehold valuation tribunal -- Court proceedings in respect of service charges -- Alternative dispute resolution -- VAT and tax -- Company law -- The appointment of a manager -- Acquisition orders -- The right to manage -- Voluntary control of service
520 ## - SUMMARY, ETC.
Summary, etc. Provides in-depth and practical help on an expanding area of landlord and tenant law, in both residential and commercial leases, and provides a step-by-step guide to the procedures. Identifies the types of disputes which most often occur, and suggests remedies for both landlords and tenants. Also provides an analysis of important case law.
520 ## - SUMMARY, ETC.
Summary, etc. Supersedes first edition (ISBN 042184390x)
590 ## - LOCAL NOTE (RLIN)
Local note KA
650 24 - SUBJECT ADDED ENTRY--TOPICAL TERM
Topical term or geographic name entry element COMMONHOLD AND LEASEHOLD REFORM ACT 2002
651 #4 - SUBJECT ADDED ENTRY--GEOGRAPHIC NAME
Geographic name England and Wales
Chronological subdivision 1543-
690 ## - LOCAL SUBJECT ADDED ENTRY--TOPICAL TERM (OCLC, RLIN)
Topical term or geographic name as entry element PROPERTY-LEASEHOLD PROPERTY-LANDLORD AND TENANT-SERVICE CHARGES
690 ## - LOCAL SUBJECT ADDED ENTRY--TOPICAL TERM (OCLC, RLIN)
Topical term or geographic name as entry element PROPERTY-COMMERCIAL PROPERTY-COMMERCIAL LANDLORD AND TENANT-COMMERCIAL SERVICE CHARGES
942 ## - ADDED ENTRY ELEMENTS (KOHA)
Suppress in OPAC 0
Holdings
Withdrawn status Lost status Source of classification or shelving scheme Damaged status Not for loan Home library Current library Shelving location Date acquired Total Checkouts Full call number Barcode Date last seen Date last checked out Copy number Price effective from Koha item type
    Dewey Decimal Classification     London London Basement 11/01/2010 1 346.4104342 TAN 30075415 06/08/2019 28/01/2010 1 06/08/2019 Book